[Event "Warsaw op-B 01"]
[Site "Warsaw"]
[Date "2009.02.19"]
[Round "7"]
[White "Kwiatkowski, Andrzej"]
[Black "Sujkowski, Pawel"]
[Result "1-0"]
[WhiteElo "1887"]
[BlackElo "1891"]
[PlyCount "57"]
[EventDate "2009.01.06"]
[EventType "swiss"]
[EventRounds "13"]
[EventCountry "POL"]
[SourceTitle "EXT 2012"]
[Source "ChessBase"]
[SourceDate "2011.11.24"]
[SourceVersion "1"]
[SourceVersionDate "2011.11.24"]
[SourceQuality "1"]

1. e4 c5 2. Nf3 Nc6 3. d4 cxd4 4. Nxd4 e5 5. Nb5 d6 6. N1c3 a6 7. Na3 b5 8. Nd5 Nge7 9. Be3 Rb8 10. Be2 Nxd5 11. Qxd5 Ne7 12. Qd2 Be6 13. 0-0 d5 14. f3 d4 15. Bf2 Nc8 16. f4 f6 17. fxe5 fxe5 18. Bg3 Bd6 19. Bh5+ Kd7 20. Rad1 Kc6 21. Bf7 Qe7 22. Bxe6 Qxe6 23. c3 Bc5 24. Kh1 Nd6 25. cxd4 Bxd4 26. Nc2 Nxe4 27. Nxd4+ Kd7 28. Nxe6+ Nxd2 29. Ng5 1-0

[Event "Warsaw op-B 01"]
[Site "Warsaw"]
[Date "2009.02.10"]
[Round "6"]
[White "Wilczynski, Adam"]
[Black "Kwiatkowski, Andrzej"]
[Result "0-1"]
[WhiteElo "1759"]
[BlackElo "1887"]
[PlyCount "128"]
[EventDate "2009.01.06"]
[EventType "swiss"]
[EventRounds "13"]
[EventCountry "POL"]
[SourceTitle "EXT 2012"]
[Source "ChessBase"]
[SourceDate "2011.11.24"]
[SourceVersion "1"]
[SourceVersionDate "2011.11.24"]
[SourceQuality "1"]

1. c4 Nf6 2. g3 g6 3. Bg2 Bg7 4. Nc3 0-0 5. Nf3 d6 6. 0-0 Nc6 7. d4 a6 8. d5 Na5 9. Qd3 c5 10. Bg5 Rb8 11. Rad1 b5 12. cxb5 axb5 13. e4 b4 14. Ne2 Bd7 15. b3 h6 16. Bc1 Qc7 17. Nd2 Bb5 18. Nc4 Nd7 19. Qc2 Bxc4 20. bxc4 Ne5 21. f4 Nexc4 22. f5 Ne5 23. fxg6 Nxg6 24. Nd4 Bxd4+ 25. Rxd4 b3 26. axb3 Nxb3 27. Rdd1 Nxc1 28. Rxc1 Ne5 29. h3 Kh7 30. Rf4 Rg8 31. Kh2 Qb6 32. Qd2 Qb2 33. Rc2 Qa3 34. Qf2 f6 35. Rh4 Rg6 36. Ra2 Qb3 37. Ra7 Rb7 38. Rxb7 Qxb7 39. Qc2 c4 40. Rf4 Qb3 41. Qxb3 cxb3 42. Rf1 Rg8 43. Rb1 Rb8 44. Bf1 Nf3+ 45. Kg2 Nd2 46. Rb2 Nxf1 47. Kxf1 Kg6 48. Ke2 Kg5 49. Kd3 h5 50. Kc3 h4 51. gxh4+ Kxh4 52. Rxb3 Rxb3+ 53. Kxb3 Kxh3 54. Kc4 Kg3 55. Kd3 Kf3 56. Kd4 Ke2 57. e5 fxe5+ 58. Ke4 Kf2 59. Kf5 Kf3 60. Ke6 e4 61. Kxe7 e3 62. Kxd6 e2 63. Kc6 e1Q 64. d6 Qc3+ 0-1

[Event "Warsaw op-B 01"]
[Site "Warsaw"]
[Date "2009.01.21"]
[Round "11"]
[White "Kwiatkowski, Andrzej"]
[Black "Prus, Marek"]
[Result "1-0"]
[WhiteElo "1887"]
[BlackElo "1820"]
[PlyCount "67"]
[EventDate "2009.01.06"]
[EventType "swiss"]
[EventRounds "13"]
[EventCountry "POL"]
[SourceTitle "EXT 2012"]
[Source "ChessBase"]
[SourceDate "2011.11.24"]
[SourceVersion "1"]
[SourceVersionDate "2011.11.24"]
[SourceQuality "1"]

1. d4 g6 2. c4 Bg7 3. e4 d6 4. Nc3 e5 5. dxe5 Bxe5 6. Nf3 Bg4 7. h3 Bxc3+ 8. bxc3 Bxf3 9. Qxf3 Qf6 10. Qg3 Nd7 11. Be2 Qe5 12. Bf4 Qxe4 13. 0-0 0-0-0 14. Bd3 Qc6 15. Rfe1 Ngf6 16. Qe3 Nc5 17. Be2 Rde8 18. Qd2 Nfe4 19. Qb2 f5 20. Rad1 Na4 21. Qb3 Naxc3 22. Bf3 Nxd1 23. Rxd1 Qb6 24. Qc2 Qb4 25. Rb1 Qc5 26. Be3 Qc6 27. Bxa7 b6 28. c5 dxc5 29. Be2 Nd6 30. Ba6+ Nb7 31. Bb5 Qe4 32. Bd3 Qd4 33. Rd1 Qb4 34. Bxf5+ 1-0

[Event "Warsaw op-B 01"]
[Site "Warsaw"]
[Date "2009.01.15"]
[Round "3"]
[White "Prazmowski, Bartosz"]
[Black "Kwiatkowski, Andrzej"]
[Result "1-0"]
[WhiteElo "1807"]
[BlackElo "1887"]
[PlyCount "73"]
[EventDate "2009.01.06"]
[EventType "swiss"]
[EventRounds "13"]
[EventCountry "POL"]
[SourceTitle "EXT 2012"]
[Source "ChessBase"]
[SourceDate "2011.11.24"]
[SourceVersion "1"]
[SourceVersionDate "2011.11.24"]
[SourceQuality "1"]

1. c4 Nf6 2. Nc3 e5 3. g3 c6 4. d4 exd4 5. Qxd4 Qb6 6. Qxb6 axb6 7. Be3 Bc5 8. Bxc5 bxc5 9. Bg2 d6 10. Rd1 Ke7 11. Nf3 Be6 12. b3 h6 13. e4 Bg4 14. 0-0 Nbd7 15. h3 Bxf3 16. Bxf3 Nf8 17. Rfe1 Ne6 18. Nd5+ cxd5 19. exd5 Rxa2 20. Re3 Rha8 21. Rdd3 R8a7 22. Bd1 Kd7 23. dxe6+ fxe6 24. b4 b6 25. bxc5 bxc5 26. Re1 Rb7 27. Rde3 Rbb2 28. Rxe6 Rxf2 29. Ba4+ Kc7 30. Re7+ Kd8 31. Bc6 Rfd2 32. Rxg7 d5 33. cxd5 Ne4 34. Rg8+ Kc7 35. Rg7+ Kb6 36. Rb1+ Ka6 37. Bb5+ 1-0